How to prepare a business plan (Record no. 76388)

MARC details
000 -LEADER
fixed length control field 00871nam a2200193 a 4500
008 - FIXED-LENGTH DATA ELEMENTS--GENERAL INFORMATION
fixed length control field 120416s1989 ||||||||||||||||| || u
020 ## - INTERNATIONAL STANDARD BOOK NUMBER
International Standard Book Number 1850915148
050 ## - LIBRARY OF CONGRESS CALL NUMBER
Classification number HD 62.7 Bla
100 ## - MAIN ENTRY--PERSONAL NAME
Personal name Blackwell, Edward
245 10 - TITLE STATEMENT
Title How to prepare a business plan
260 ## - PUBLICATION, DISTRIBUTION, ETC.
Place of publication, distribution, etc. London
Name of publisher, distributor, etc. Kogan Page
Date of publication, distribution, etc. 1989
300 ## - PHYSICAL DESCRIPTION
Extent 144 pages : illustrations
350 ## -
-- 0.00
650 #0 - SUBJECT ADDED ENTRY--TOPICAL TERM
Topical term or geographic name entry element BUSINESS
650 #0 - SUBJECT ADDED ENTRY--TOPICAL TERM
Topical term or geographic name entry element SMALL BUSINESS
995 ## -
-- BINDERY (DAMAGED)
-- 0.00
-- 721853
-- CBU-MAIN LIBRARY (Kitwe)
-- 2
-- 6.99
-- HD 62.7 Bla
-- 1
-- DAMAGED
-- 003874
-- Main Library Open Access Collection
995 ## -
-- MAIN LIBRARY OPEN ACCESS
-- 0.00
-- 721852
-- CBU-MAIN LIBRARY (Kitwe)
-- 1
-- 6.99
-- HD 62.7 Bla
-- 2
-- LOST
-- 020670
-- Main Library Open Access Collection
995 ## -
-- MAIN LIBRARY OPEN ACCESS
-- 0.00
-- 721851
-- CBU-MAIN LIBRARY (Kitwe)
-- 3
-- 6.99
-- HD 62.7 Bla
-- 3
-- LOST
-- 721851
-- Main Library Open Access Collection
999 ## -
-- 76388
-- 76388
Holdings
Withdrawn status Lost status Source of classification or shelving scheme Damaged status Not for loan Permanent Location Current Location Shelving location Date acquired Total Checkouts Full call number Barcode Date last seen Copy number Price effective from Koha item type
          CBU-MAIN LIBRARY, KITWE. CBU-MAIN LIBRARY, KITWE.   04/25/2023   HD 62.7 Bla 003874 04/25/2023 1 04/25/2023 MONOGRAPH
          CBU-MAIN LIBRARY, KITWE. CBU-MAIN LIBRARY, KITWE.   04/25/2023   HD 62.7 Bla 020670 04/25/2023 2 04/25/2023 MONOGRAPH
          CBU-MAIN LIBRARY, KITWE. CBU-MAIN LIBRARY, KITWE.   04/25/2023   HD 62.7 Bla 721851 04/25/2023 3 04/25/2023 MONOGRAPH